عرض عادي عرض مارك
  • القرارات الإدارية

مدخل مصطلح موضوعي

عدد التسجيلات المستخدمة في: 2

001 - رقم الضبط

  • حقل الضبط: 60828

003 - معرف رقم الضبط

  • حقل الضبط: OSt

005 - تاريخ ووقت أخر عملية

  • حقل الضبط: 20180327172328.0

008 - عناصر بيانات ثابتة الطول

  • حقل تحكم ثابت الطول: 180327|| aca||aabn | a|a d

040 ## - مصدر الفهرسة

  • هيئة الفهرسة الأصلية: OSt
  • وكالة الكتابة: OSt

150 ## - مدخل-- مصطلح تاريخي

  • عنصر مدخل المصطلح الموضوعي او الاسم الجغرافي: القرارات الإدارية
  • تفريع عام: قوانين وتشريعات
  • تفريع جغرافي: فرنسا

670 ## - بيانات المصدر موجوده

  • الاستشهاد بالمصدر: Work cat.: (OSt): الجباري، نسار عبد القادر أحمد 60824, عيب عدم الاختصاص الجسيم في القرار الإداري والرقابة القضائية عليه :, 2018.